| 000 | 00568nam a22002051i 4500 | ||
|---|---|---|---|
| 001 | 20782 | ||
| 003 | BD-RjUL | ||
| 005 | 20211209000618.0 | ||
| 008 | 140302s1959 onc 00011 eng d | ||
| 035 | _a(BD-RjUL)20844 | ||
| 040 |
_aBD-RjUL _beng _cBD-RjUL _dBD-RjUL |
||
| 041 | _aeng | ||
| 082 |
_a823 _bCAM 1959 |
||
| 100 | 1 |
_aCallaghan, Morley, _d1903- _964180 |
|
| 245 | 1 | 0 |
_aMorley Callaghan's stories / _cMorley Callaghan, |
| 260 |
_aToronto : _bMacmillan, _cc1959. |
||
| 300 |
_a364 p. : _c22 cm. |
||
| 650 |
_aShort stories, Canadian. _964181 |
||
| 942 |
_2ddc _cBK |
||
| 999 |
_c20782 _d20782 |
||